=LDR 00000nam 2200000 4500 =001 INLIS000000000021675 =005 20200219074029 =035 ##$$a 0010-061300000021675 =008 200219################g##########0#ind## =041 ##$$a Ind =082 ##$$a 121. 68 =090 ##$$a 519.3, Sup a =100 1#$$a Supranto, J =245 1#$$a Analisis multivariat, arti dan interprestasi /$c Suprapto, j =260 ##$$a Jakarta :$b Rineka cipta,$c 2004 =300 ##$$a Xii, 359 hlm : $b Ilus ; $c 15 x 23 cm =650 #4$$a Interpretasi ( Filsafat ) =850 ##$$a NBPNMAT =020 ##$$a 979-518-902-6 =084 ##$$a 121. 68 SUP a =504 ##$$a Bibliografi : hlm. 358 - 359 =990 ##$$a 10606114 =990 ##$$a 21195583/BPAP-NTB/2014 =990 ##$$a 20609704 =990 ##$$a 0001/BPAP-NTB/20142014 =990 ##$$a 0001/BPAP-NTB/20142014 =990 ##$$a 10606117 =990 ##$$a 20609705 =990 ##$$a 20609707 =990 ##$$a 10606117 =990 ##$$a 10606114 =990 ##$$a 21195583/BPAP-NTB/2014 =990 ##$$a 20609704 =990 ##$$a 0001/BPAP-NTB/20142014 =990 ##$$a 0001/BPAP-NTB/20142014 =990 ##$$a 20609705 =990 ##$$a 20609707 =990 ##$$a 20701074 =990 ##$$a 10606114 =990 ##$$a 20609704 =990 ##$$a 0001/BPAP-NTB/20142014 =990 ##$$a 0001/BPAP-NTB/20142014 =990 ##$$a 10606117 =990 ##$$a 20609705 =990 ##$$a 20609707 =990 ##$$a 20701074 =990 ##$$a 10606114 =990 ##$$a 20609704 =990 ##$$a 0001/BPAP-NTB/20142014 =990 ##$$a 0001/BPAP-NTB/20142014 =990 ##$$a 10606117 =990 ##$$a 20609705 =990 ##$$a 20609707